| 000 | 01255nam a2200301Ia 4500 | ||
|---|---|---|---|
| 001 | ebr10190694 | ||
| 003 | CaPaEBR | ||
| 006 | m u | ||
| 007 | cr cn||||||||| | ||
| 008 | 031104s2003 sz a sb 001 0 eng d | ||
| 020 | _z9241562455 | ||
| 040 |
_aCaPaEBR _cCaPaEBR |
||
| 035 | _a(OCoLC)221562053 | ||
| 050 | 1 | 4 |
_aRA399.A1 _bH438 2003eb |
| 245 | 0 | 0 |
_aHealth systems performance assessment _h[electronic resource] : _bdebates, methods and empiricism / _cedited by Christopher J.L. Murray and David B. Evans. |
| 260 |
_aGeneva : _bWorld Health Organization, _cc2003. |
||
| 300 |
_axxxii, 927 p. : _bill. |
||
| 504 | _aIncludes bibliographical references and index. | ||
| 533 |
_aElectronic reproduction. _bPalo Alto, Calif. : _cebrary, _d2009. _nAvailable via World Wide Web. _nAccess may be limited to ebrary affiliated libraries. |
||
| 650 | 0 |
_aMedical care _xEvaluation. |
|
| 650 | 0 | _aOutcome assessment (Medical care) | |
| 650 | 0 |
_aPublic health _xEvaluation. |
|
| 655 | 7 |
_aElectronic books. _2local |
|
| 700 | 1 | _aMurray, Christopher J. L. | |
| 700 | 1 | _aEvans, David B. | |
| 710 | 2 | _aebrary, Inc. | |
| 856 | 4 | 0 |
_uhttp://site.ebrary.com/lib/rucke/Doc?id=10190694 _zAn electronic book accessible through the World Wide Web; click to view |
| 999 |
_c147653 _d147653 |
||